| 000 | 02470cam a22004934i 4500 | ||
|---|---|---|---|
| 003 | PE-LiUPU | ||
| 005 | 20250731173339.0 | ||
| 008 | 150706s2008 flu r 000 0 spa d | ||
| 020 | _a9780820748949 | ||
| 035 | _a(Sirsi) i9780820748949 | ||
| 040 |
_aPE-LiUPU _bspa _cPE-LiUPU _erda |
||
| 049 | _aPRUA | ||
| 082 | 0 | 4 |
_a253 _bW26 _221 |
| 100 | 1 |
_aWarren, Rick, _eautor. |
|
| 245 | 1 | 0 |
_aLiderazgo con propósito : _blecciones de liderazgo basadas en Nehemías / _cRick Warren. |
| 264 | 1 |
_aMiami : _bVida, _c2008. |
|
| 300 |
_a262 páginas ; _c22 centímetros |
||
| 336 |
_atext _2rdacontent |
||
| 337 |
_aunmediated _2rdamedia |
||
| 338 |
_avolume _2rdacarrier |
||
| 505 | 0 | _aLa hechura de un líder. -La oración de un líder -- Los planes de un líder -- Cómo organiza el líder a otros -- Cómo organiza el líder un proyecto -- Como se enfrenta un líder a los se oponen. -Cómo resuelve un líder los conflictos -- Las tentaciones del liderazgo -- Los secretos de los éxitos -- Cómo los líderes mantienen sus éxitos -- Lo que se necesita para ser un gran líder -- Epilogo: como Nehemías lidero al estilo de Jesús, el líder de los lideres -- Citas bíblicas. | |
| 526 | _aSEG42 | ||
| 526 | _aSEG41 | ||
| 526 | _aSEG40 | ||
| 526 | _aSEG39 | ||
| 526 | _aP94 | ||
| 526 | _aP87 | ||
| 526 | _aP86 | ||
| 526 | _aP85 | ||
| 526 | _aP77 | ||
| 526 | _aP76 | ||
| 526 | _aP35 | ||
| 541 | _g002-000442; | ||
| 541 | _g002-000442; | ||
| 650 | 0 | 4 | _aLiderazgo. |
| 910 |
_agl _cng _d20090908 |
||
| 942 |
_2ddc _cBOOK |
||
| 949 |
_a253 W26 _wDEWEY _c1 _i60240 _d2015-10-16 _e2015-10-16 _lCCODEBUL1 _mBUL _n1 _p11.00 _r0 _sY _tBOOK _u2015-7-6 _xTEOLOGIA _zUNKNOWN _0COMPRA _o.STAFF. Colección General |
||
| 949 |
_a253 W26 _wDEWEY _c2 _i60239 _d2016-10-24 _e2016-10-19 _lCCODEBUL1 _mBUL _n5 _p11.00 _r0 _sY _tBOOK _u2015-7-6 _xTEOLOGIA _zUNKNOWN _0COMPRA _o.STAFF. Colección General |
||
| 994 |
_aC0 _bPEPRU |
||
| 596 | _a1 | ||
| 999 |
_a253 W26 _wDEWEY _c49703 _i60240 _d49703 _e2019-4-3 _f2021-11-10 _g5 _lCCODEBUL1 _mBUL _n4 _p11.00 _q6 _r0 _sY _tBOOK _u2015-7-6 _xTEOLOGIA _zUNKNOWN _0COMPRA _o.STAFF. Colección General |
||
| 999 |
_a253 W26 _wDEWEY _c2 _i60239 _d2019-6-25 _e2019-6-2 _f2021-11-10 _g5 _lCCODEBUL1 _mBUL _n7 _p11.00 _q3 _r0 _sY _tBOOK _u2015-7-6 _xTEOLOGIA _zUNKNOWN _0COMPRA _o.STAFF. Colección Teología |
||
| 980 |
_81 _gALBERTO SANCHEZ Responsable de Automatización |
||